000 00499nam a2200181Ia 4500
005 20250508163636.0
008 008 250505s9999 xx 000 0 hin d
037 _aTextual
040 _aFEDL
_beng
_cFEDL
041 _ahin
_2eng
084 _a491.435, UTA
_qFEDL
100 _aUtkar Namdev
_9775862
245 0 _aVyavharik hindi vyakaran
260 _aKanpur, India
_bChandarlok Prakashan
_c1954
300 _a200p.
942 _cTEXL
_h491.435, UTA
999 _c1384486
_d1384486